World development indicators 2004

Сохранить в:
Библиографические подробности
Соавтор: The World Bank
Формат:
Язык:Undetermined
Опубликовано: Washington, D. C. The World Bank 2004
Предметы:
Метки: Добавить метку
Нет меток, Требуется 1-ая метка записи!
Thư viện lưu trữ: Trung tâm Học liệu Trường Đại học Cần Thơ
LEADER 00523nam a2200193Ia 4500
001 CTU_61733
008 210402s9999 xx 000 0 und d
082 |a 330.9 
082 |b W927w 
110 |a The World Bank 
245 0 |a World development indicators 2004 
245 4 |c The World Bank 
260 |a Washington, D. C. 
260 |b The World Bank 
260 |c 2004 
650 |a Developing countries 
650 |x Economic aspects 
904 |i Minh,Hải 
980 |a Trung tâm Học liệu Trường Đại học Cần Thơ